00516nam a2200169Ia 450000500170000000800410001702000150005808200130007310000170008624500400010326000370014330000130018050000330019394200060022695200990023299900150033120250405123246.0240331s9999 xx 000 0 und d a9551147005 bSELa894 aSelladurai,A 0aMappanar madappali vanniyan history aColombobAruna Publicationc2007 a142 p ., aMappanar+Madappali Vanniyars cL 001040708LaWERCLbWERCLcSSCd2024-03-31l0o 894.811 SELp6452r2024-03-31w2024-03-31yL c4676d4676